Premier League 20-goal Seasons - Statistics

General Stats
  • This quiz has been taken 57 times
    30 since last reset
  • The average score is 27 of 46
Answer Stats
Answer % Correct
Mohamed Salah
100%
Thierry Henry
100%
Sadio Mané
96%
Sergio Agüero
96%
Wayne Rooney
91%
Alan Shearer
87%
Cristiano Ronaldo
87%
Frank Lampard
87%
Harry Kane
83%
Luis Suárez
83%
Robin Van Persie
83%
Ruud Van Nistelrooy
83%
Andy Cole
78%
Jamie Vardy
78%
Son Heung-min
78%
Didier Drogba
74%
Dwight Yorke
70%
Raheem Sterling
70%
Daniel Sturridge
65%
Teddy Sheringham
65%
Carlos Tevez
57%
Dimitar Berbatov
57%
Pierre-Emerick Aubameyang
57%
Romelu Lukaku
57%
Chris Sutton
52%
Diego Costa
52%
Fernando Torres
52%
Alexis Sánchez
48%
Ian Wright
48%
Jimmy Floyd Hasselbaink
48%
Kevin Phillips
48%
Robbie Fowler
48%
Emmanuel Adebayor
43%
Yaya Touré
43%
Les Ferdinand
39%
Danny Ings
35%
Matt Le Tissier
35%
Gareth Bale
30%
Mark Viduka
30%
Darren Bent
26%
Louis Saha
26%
James Beattie
17%
Jürgen Klinsmann
17%
Stan Collymore
17%
Andy Johnson
13%
Peter Beardsley
13%
No matching quizzes found
Score Distribution
Percent of People with Each Score
Percentile by Number Answered
Your Score History
You have not taken this quiz since the last reset